[Event "Santa Cruz Potiguar-ch"]
[Site "Santa Cruz"]
[Date "2016.12.18"]
[Round "5"]
[White "Goncalves, Alice da Silva"]
[Black "Pedrosa, Herly Sergio Costa"]
[Result "1/2-1/2"]
[WhiteElo "1731"]
[BlackElo "1800"]
[PlyCount "96"]
[EventDate "2016.12.17"]
[EventType "swiss"]
[EventRounds "5"]
[EventCountry "BRA"]
[SourceTitle "CBM 176 Extra"]
[Source "ChessBase"]
[SourceDate "2017.03.02"]
[SourceVersion "1"]
[SourceVersionDate "2017.03.02"]
[SourceQuality "1"]

1. e4 c5 2. Nf3 d6 3. Bb5+ Bd7 4. Bxd7+ Nxd7 5. d4 cxd4 6. Nxd4 e5 7. Nf3 Ngf6 8. Nc3 Be7 9. 0-0 0-0 10. Re1 Rc8 11. Bg5 h6 12. Bxf6 Nxf6 13. Nd5 Nxd5 14. exd5 Qc7 15. Rc1 Rfe8 16. c4 b6 17. Re2 Qb7 18. Rc3 Qa6 19. b3 b5 20. Nd2 Bg5 21. Qc2 b4 22. Rf3 Re7 23. Ne4 f6 24. Nxg5 fxg5 25. Qg6 Rd8 26. Rfe3 Qa3 27. g3 Rde8 28. Qxd6 Qc1+ 29. Re1 Qb2 30. R3e2 Qc3 31. f4 Qd4+ 32. Kg2 gxf4 33. gxf4 Qxf4 34. Qxb4 Qg4+ 35. Kh1 Qh3 36. Re3 Qg4 37. Qc3 Qf5 38. Rf3 Qg5 39. Qe3 Qh5 40. d6 Re6 41. c5 Rd8 42. Qc3 Qh4 43. Rxe5 Rxe5 44. Qxe5 Qg4 45. Rg3 Qd1+ 46. Rg1 Qf3+ 47. Rg2 Qf1+ 48. Rg1 Qf3+ 1/2-1/2